Sports Quiz

Random Sports or Football Quiz

NFL Receiving TDs Leaders (Season) Quiz Stats

 Plays Quiz Updated Apr 29, 2021

     
Support Sporcle.
Go Orange.
Score 0/35 Timer 06:00
19 Plays Today
TDs Player % Correct
23Randy Moss
94.9%
17Randy Moss
94.9%
17Randy Moss
94.9%
15Randy Moss
94.9%
22Jerry Rice
93.7%
17Jerry Rice
93.6%
15Jerry Rice
93.6%
15Jerry Rice
93.6%
15Jerry Rice
93.6%
16Calvin Johnson
83.9%
16Terrell Owens
74.6%
15Terrell Owens
74.6%
15Antonio Brown
72.4%
18Davante Adams
66%
15Marvin Harrison
61.1%
15Marvin Harrison
61.1%
17Rob Gronkowski
53.4%
17Cris Carter
53.1%
TDs Player % Correct
15Tyreek Hill
51.9%
16Jimmy Graham
29.7%
15Jordy Nelson
28.4%
16Dez Bryant
28%
18Sterling Sharpe
27.3%
18Mark Clayton
21%
16Braylon Edwards
13.6%
17Don Hutson
13.2%
15Andre Rison
12.6%
15Dwayne Bowe
12.4%
16Muhsin Muhammad
9.3%
17Elroy Hirsch
4.1%
17Carl Pickens
3.9%
15Cloyce Box
1.6%
15Sonny Randle
1.3%
16Art Powell
1.2%
17Bill Groman
1%

From the Vault

TV Shows by Villain

by citkeane

We've never seen a more televised hive of scum and villainy.
Remove Ads.
Support Sporcle.
Get the best of Sporcle when you Go Orange. This ad-free experience offers more features, more stats, and more fun while also helping to support Sporcle. Thank you for becoming a member.

Show Comments

Extras

Top Quizzes Today


Score Distribution

Your Account Isn't Verified!

In order to create a playlist on Sporcle, you need to verify the email address you used during registration. Go to your Sporcle Settings to finish the process.

Report this User

Report this user for behavior that violates our Community Guidelines.

Details: